Statistiques concernant Super Smash Bros. Ultimate: Première apparition

Cliquez ici pour prendre le quiz!

Statistiques générales

  • Ce quiz a été pris 41 fois
  • Le résultat moyen est 63 sur 87

Statistiques - réponses

PersonnageFinal Smash% Correct
MarioDonkey Kong
94%
Donkey KongDonkey Kong
94%
PeachSuper Mario Bros.
94%
BowserSuper Mario Bros.
94%
Plante PiranhaSuper Mario Bros
94%
Mii EpeisteWii
94%
Mii BoxeurWii
94%
Mii TireurWii
94%
Entraîneuse Wii FitWii Fit
94%
FoxStar Wing
91%
VillageoisAnimal Crossing
88%
BayonettaBayonetta
88%
MarthFire Emblem
88%
RoyFire Emblem
88%
Mega ManMega Man
88%
Samus sans armureMetroid
88%
RidleyMetroid
88%
SamusMetroid
88%
SteveMinecraft
88%
OlimarPikmin
88%
PikachuPokémon Rouge, Bleu et Vert
88%
Dresseur de PokémonPokémon Rouge, Bleu et Vert
88%
MewtwoPokémon Rouge, Bleu et Vert
88%
RondoudouPokémon Rouge, Bleu et Vert
88%
RyuStreet Fighter
88%
KenStreet Fighter
88%
CloudFinal Fantasy VII
85%
SephirothFinal Fantasy VII
85%
Pac-ManPac-Man
85%
AmphinobiPokémon X et Y
85%
InklingSplatoon
85%
Harmonie & LumaSuper Mario Galaxy
85%
LinkThe Legend of Zelda
85%
ZeldaThe Legend of Zelda
85%
PitKid Icarus
82%
PalutenaKid Icarus
82%
JokerPersona 5
82%
LucarioPokémon Perle & Diamant
82%
Diddy KongDonkey Kong Country
79%
King K. RoolDonkey Kong Country
79%
Duo Duck HuntDuck Hunt
79%
Mr. Game & WatchGame & Watch
79%
SnakeMetal Gear
79%
PichuPokémon Or et Argent
79%
Little MacPunch-Out
79%
KazuyaTekken
79%
ShulkXenoblade Chronicles
79%
Mim-MinARMS
76%
Richter BelmontCastlevania
76%
Simon BelmontCastlevania
76%
Dr. MarioDr. Mario
76%
Ice ClimbersIce Climbers
76%
SonicSonic the Hedgehog
76%
SheikThe Legend of Zelda: Ocarina of Time
73%
GanondorfThe Legend of Zelda: Ocarina of Time
73%
Link EnfantThe Legend of Zelda: Ocarina of Time
73%
Link CartoonThe Legend of Zelda: The Wind Waker
73%
Captain FalconF-Zero
70%
NessMother
70%
LucasMother 3
70%
FélinfernoPokémon Soleil et Lune
70%
R.O.B.R.O.B.
70%
MarieAnimal Crossing: New Leaf
67%
SoraKingdom Hearts
67%
Samus SombreMetroid Prime
67%
Bowser Jr.Super Mario Sunshine
67%
HérosDragon Quest
64%
LuigiMario Bros.
64%
MythraXenoblade Chronicles 2
64%
PyraXenoblade Chronicles 2
64%
Terry BogardFatal Fury
61%
Pit MaléfiqueKid Icarus: Uprising
58%
YoshiSuper Mario World
58%
BylethFire Emblem: Three Houses
55%
DaisySuper Mario Land
52%
ChromFire Emblem Awakening
48%
DaraenFire Emblem Awakening
48%
LucinaFire Emblem Awakening
48%
WarioSuper Mario Land 2: 6 Golden Coins
42%
Meta KnightKirby's Adventure
36%
KirbyKirby's Dream Land
36%
Roi DaDiDouKirby's Dream Land
36%
Banjo & KazooieDiddy Kong Racing
24%
CorrinFire Emblem Fates
21%
IkeFire Emblem: Path of Radiance
15%
FalcoLylat Wars
15%
WolfLylat Wars
15%

Distribution des résultats

Percentile par nombre de réponses

% des personnes avec chaque résultat

Votre développement - résultats

Vous n’avez pas pris ce quiz